| 000 | 00606 a2200217 4500 | ||
|---|---|---|---|
| 008 | 240605b mp ||||| |||| 00| 0 mon d | ||
| 020 | _a99929-0-060-1 | ||
| 035 | _a52 | ||
| 040 |
_aHE0623081 _bmon _cMN-UlNLM _dMN-UlNLM _erda |
||
| 041 | _amon | ||
| 042 | _a44 | ||
| 084 |
_2NNA _a84(5мон) _bГ.74 |
||
| 100 | _aГун-Аасүрэн Ж. | ||
| 245 | 0 | _aТоглож болохгүй тоглоом | |
| 264 |
_aУБ. _bМонсудар _c2006 |
||
| 300 | _a39х. | ||
| 336 |
_2rdacontent _atext _btxt |
||
| 337 |
_2rdamedia _aunmediated _bn |
||
| 338 |
_2rdacarrier _avolume _bnc |
||
| 942 |
_2NNA _cBK |
||
| 999 |
_c872775 _d872832 |
||